| 000 | 00697nam a2200181Ia 4500 | ||
|---|---|---|---|
| 008 | 090630s9999 xx 000 0 und d | ||
| 082 | _b20759 | ||
| 100 | _aसाठवणे पां. आ. | ||
| 245 |
_aआपला आहार आपले स्वास्थ्य. _cसाठवणे पां. आ. |
||
| 260 |
_bअनिकेत - पुणे. _c2001 |
||
| 300 | _a48 | ||
| 600 | _aसाठवणे पां. आ. | ||
| 630 | _aआपला आहार आपले स्वास्थ्य. | ||
| 655 | _aइतर. | ||
| 700 | _aसाठवणे पां. आ. | ||
| 730 | _aआपला आहार आपले स्वास्थ्य. | ||
| 942 | _cBOOK | ||
| 999 |
_c272615 _d272615 |
||